000
00279nam a22001217a 4500
008
180104b xxu||||| |||| 00| 0 eng d
041
_a
eng
080
_a
91
100
_a
42
101
_a
GJEO
245
_a
CULTURAL IDENTITY IN AMERICA
_c
ECKMAN,M
942
_2
udc
_c
BK
999
_c
39742
_d
39742